| 000 | 00627nam a2200205 a 4500 | ||
|---|---|---|---|
| 005 | 20210219153258.0 | ||
| 008 | 991125n 000 0 u | ||
| 035 | _aUPN01000088233 | ||
| 100 | _aHERNANDEZ JORGE, José Ignacio | ||
| 222 | _aREVISTA DE EDUCACION | ||
| 245 | _aUn modelo de microdiseño curricular : propuesta constructivista para la educación infantil : 0 a 6 años | ||
| 300 | _a271-295 | ||
| 362 | _a1993 No. 301, may.-ago. | ||
| 653 | 0 | _aCURRICULUM | |
| 653 | 0 | _aDISEÑO CURRICULAR | |
| 653 | 0 | _aEDUCACION PREESCOLAR | |
| 653 | 0 | _aEVALUACION EDUCATIVA | |
| 904 |
_aAC _b026044 |
||
| 905 | _aArticulo | ||
| 999 |
_c72906 _d72906 |
||